SO VAST THE PRISON (Record no. 216706)

MARC details
000 -LEADER
fixed length control field 00394nam a22001577a 4500
008 - FIXED-LENGTH DATA ELEMENTS--GENERAL INFORMATION
fixed length control field 260226b |||||||| |||| 00| 0 eng d
020 ## - INTERNATIONAL STANDARD BOOK NUMBER
International Standard Book Number 1-58322-009-7
100 ## - MAIN ENTRY--PERSONAL NAME
Personal name DJEBAR, ASSIA
245 ## - TITLE STATEMENT
Title SO VAST THE PRISON
Remainder of title A NOVEL
260 ## - PUBLICATION, DISTRIBUTION, ETC.
Place of publication, distribution, etc. NEW YORK
Name of publisher, distributor, etc. SEVEN STORIES PRESS
Date of publication, distribution, etc. 1999
300 ## - PHYSICAL DESCRIPTION
Extent 363P.
650 ## - SUBJECT ADDED ENTRY
Topical term or geographic name entry element FICTION
700 ## - ADDED ENTRY--PERSONAL NAME
Personal name WING, BERSTY
942 ## - ADDED ENTRY ELEMENTS (KOHA)
Source of classification or shelving scheme Library of Congress Classification
Koha item type Long Loan Book
Holdings
Withdrawn status Lost status Source of classification or shelving scheme Damaged status Not for loan Collection Home library Current library Shelving location Date acquired Inventory number Total checkouts Full call number Barcode Date last seen Copy number Price effective from Koha item type
    Library of Congress Classification     Fiction & Motivational Kisii University Library Kisii University Library Fiction 02/26/2026 111875   PQ 3989.2 .V37 1999 A000733 02/26/2026 1 02/26/2026 Long Loan Book
    Library of Congress Classification     Fiction & Motivational Kisii University Library Kisii University Library Fiction 02/26/2026 111876   PQ 3989.2 .V37 1999 A000736 02/26/2026 2 02/26/2026 Long Loan Book
    Library of Congress Classification     Fiction & Motivational Kisii University Library Kisii University Library Fiction 02/26/2026 111877   PQ 3989.2 .V37 1999 A000735 02/26/2026 3 02/26/2026 Long Loan Book
    Library of Congress Classification     Fiction & Motivational Kisii University Library Kisii University Library Fiction 02/26/2026 111878   PQ 3989.2 .V37 1999 A000738 02/26/2026 4 02/26/2026 Long Loan Book